[Event "Floripa Chess Open 2024"]
[Site "Florianopolis"]
[Date "2024.01.20"]
[Round "1.209"]
[White "Ribeiro Carrico, Victor Hugo"]
[Black "Orsini, Sarah De Oliveira"]
[Result "1-0"]
[WhiteElo "1746"]
[BlackElo "1685"]
[PlyCount "63"]
[EventDate "2024.01.20"]
[EventRounds "10"]
[EventCountry "BRA"]

1. e4 d5 2. exd5 Qxd5 3. Nc3 Qa5 4. b4 Qxb4 5. Nb5 Qe4+ $146 ({RR} 5... Qa5 6.
Qh5 Nc6 7. Bc4 e6 8. a4 a6 9. Ra2 Nf6 10. Qg5 Rb8 11. c3 Qb6 12. Na3 Qc5 13. h4
h6 14. Qxc5 Bxc5 15. d4 Bd6 16. Bd3 O-O 17. Nc4 e5 18. Nxd6 cxd6 19. Ba3 Rd8
20. Ne2 {Treger,E (2248)-Bartholomew,J (2342) Philadelphia 2004 0-1 (60)}) ({RR
} 5... Na6 6. Nf3 c6 7. Nc3 Nf6 8. Rb1 Qd6 9. d4 g6 10. Bc4 Bg7 11. O-O O-O 12.
Ne5 Nd5 13. Ne4 Qd8 14. Ba3 Nac7 15. Qf3 Ne6 16. c3 Bxe5 17. dxe5 Qc7 18. Qg3
b6 19. f4 Ng7 20. Rbe1 {Shevchenko,K (2592)-Tristan,L (2535) chess.com INT
2020 1-0 (37)}) ({RR} 5... Qa5 6. Bc4 Nf6 7. Bb2 c6 8. Bc3 Qd8 9. Nd4 e5 10.
Ndf3 Bd6 11. Nxe5 O-O 12. Ngf3 Nd5 13. Bb2 Nd7 14. Nxd7 Bxd7 15. O-O Bg4 16. h3
Bh5 17. Bxd5 cxd5 18. g4 Bg6 19. Ne5 Qh4 20. Kg2 {Alexikov,A (2223)-Kubatko,I 
(2257) chess.com INT 2023 0-1}) ({RR} 5... Qa5 6. Bc4 Nf6 7. Nf3 e6 8. O-O c6
9. Nc3 Bb4 10. Bb2 O-O 11. a3 Bd6 12. Re1 Nbd7 13. Ne4 Be7 14. Qe2 Nxe4 15.
Qxe4 Bf6 16. Bd3 g6 17. Bxf6 Nxf6 18. Qh4 Kg7 19. Re5 Qd8 20. Qg3 {Buchaeckert,
J (1991)-Halli,G (1855) Seefeld 2009 1/2-1/2 (40)}) 6. Be2 Qc6 7. Nf3 Nf6 8.
O-O Bg4 9. Ne5 Qb6 10. Bxg4 Nxg4 11. Qxg4 e6 12. c4 Nc6 13. Nf3 O-O-O 14. d4 f5
15. Qf4 Bd6 16. Nxd6+ Rxd6 17. c5 Rxd4 18. cxb6 Rxf4 19. bxa7 Ra4 20. Re1 Re8
21. Bb2 g6 22. Ng5 Nxa7 23. Nxe6 Rb4 24. Ba3 Re4 25. Rxe4 fxe4 26. Ng5 h6 27.
Nf7 h5 28. Re1 Nb5 29. Re3 Nxa3 30. Rxa3 Re7 31. Ng5 Rd7 32. Ra8# 1-0

[Event "Floripa Chess Open 2024"]
[Site "Florianopolis"]
[Date "2024.01.20"]
[Round "1.210"]
[White "Nogueira, Manuela Mahara Buch"]
[Black "Gomes, Maria Eduarda Papin"]
[Result "0-1"]
[WhiteElo "1666"]
[BlackElo "1744"]
[PlyCount "86"]
[EventDate "2024.01.20"]
[EventRounds "10"]
[EventCountry "BRA"]

1. e4 c5 2. Nf3 a6 3. Bc4 e6 4. d3 b5 5. Bb3 d5 ({RR} 5... Bb7 6. a3 d6 7. O-O
Nd7 8. Nc3 Ngf6 9. Bf4 Be7 10. Re1 O-O 11. Qd2 e5 12. Bg5 Rc8 13. h3 c4 14. Ba2
Nc5 15. Bxf6 Bxf6 16. dxc4 bxc4 17. Qe2 Ne6 18. Bxc4 Nf4 19. Qf1 d5 20. Bxd5 {
Martinez Alcantara,J (2620)-Praggnanandhaa,R (2608) chess.com INT 2020 1-0 (64)
}) 6. a3 ({RR} 6. exd5 exd5 7. O-O c4 8. dxc4 dxc4 9. Qxd8+ Kxd8 10. Rd1+ Nd7
11. Bxc4 bxc4 12. Na3 Bxa3 13. bxa3 Ngf6 14. Bg5 Re8 15. Bxf6+ gxf6 16. Rab1
Ke7 17. Rb4 Rd8 18. Re1+ Ne5 19. Nxe5 fxe5 20. Rxe5+ Be6 {Marin Rojas,J-Cortez
Vilca,T (1439) Velez, Santander COL 2023 0-1 (41)}) 6... Bb7 7. O-O $146 ({RR} 
7. exd5 exd5 8. O-O Nf6 9. Bg5 Be7 10. Re1 O-O 11. Nbd2 c4 12. dxc4 dxc4 13.
Ba2 Nc6 14. b3 c3 15. Nf1 Nd5 16. Bxe7 Ncxe7 17. Ne3 a5 18. b4 axb4 19. Nxd5
Nxd5 20. Bxd5 Bxd5 21. axb4 Rxa1 {Magallanes,R (2036)-Kozlov,S (2369) chess.
com INT 2021 0-1 (34)}) 7... c4 8. Ba2 Bd6 9. Be3 Ne7 10. Nc3 O-O 11. d4 dxe4
12. Nd2 f5 13. Qh5 Nd7 14. b3 Nf6 15. Qd1 f4 16. Ndxe4 Nxe4 17. Nxe4 fxe3 18.
Nxd6 exf2+ 19. Rxf2 Qxd6 20. Bb1 Rxf2 21. Kxf2 Qxh2 22. Qg4 Rf8+ 23. Ke2 Qxg2+
24. Qxg2 Bxg2 25. bxc4 bxc4 26. Ba2 Bd5 27. Kd2 Nf5 28. Kc3 h5 29. Bxc4 Rc8 30.
Kd3 Rxc4 31. Kd2 Rxd4+ 32. Kc3 h4 33. Re1 h3 34. Rf1 h2 35. Re1 h1=Q 36. Rxh1
Bxh1 37. Kb2 g5 38. Kc3 g4 39. Kb2 g3 40. c3 Rd8 41. Kb3 g2 42. Kb4 g1=Q 43.
Kc4 Qb6 0-1

[Event "Floripa Chess Open 2024"]
[Site "Florianopolis"]
[Date "2024.01.20"]
[Round "1.211"]
[White "Lunelli, Neuri Antonio"]
[Black "Sikorski, Valentim Enrico"]
[Result "1-0"]
[WhiteElo "1744"]
[BlackElo "1636"]
[PlyCount "34"]
[EventDate "2024.01.20"]
[EventRounds "10"]
[EventCountry "BRA"]

1. c4 Nf6 2. g3 g6 3. Bg2 Bg7 4. Nc3 O-O 5. e4 d6 6. Nge2 e5 7. O-O Nc6 8. h3
Be6 9. d3 Nd4 ({RR} 9... Ne8 10. Be3 f5 11. Qd2 Nf6 12. Nd5 Qd7 13. Kh2 a5 14.
Rac1 Nb4 15. a3 Nbxd5 16. cxd5 Bf7 17. Rc2 Rfc8 18. Rfc1 fxe4 19. dxe4 c6 20.
Nc3 b5 21. dxc6 Rxc6 22. Nd5 Rxc2 23. Qxc2 Bxd5 24. exd5 {Maze,S (2577)-Ziska,
H (2456) Reykjavik 2012 1-0}) 10. Be3 ({RR} 10. Kh2 a6 11. Nxd4 exd4 12. Ne2 c5
13. Nf4 Bd7 14. a3 b5 15. cxb5 axb5 16. Rb1 Qc7 17. b4 c4 18. dxc4 bxc4 19. b5
Qc5 20. a4 c3 21. Qc2 Qc4 22. Ra1 d3 23. Qxd3 Qxd3 24. Nxd3 c2 {Rangel,D (2207)
-Wartiovaara,O (2259) chess.com INT 2022 0-1 (59)}) 10... c5 11. Kh2 $146 ({RR
} 11. f4 Qd7 12. Kh2 a6 13. Nd5 Qd8 14. Qd2 Nxd5 15. cxd5 Bd7 16. fxe5 Bxe5 17.
Nxd4 cxd4 18. Bf4 f6 19. Qb4 Bb5 20. Qb3 Rb8 21. Rf2 Qe7 22. a4 Bd7 23. Raf1 f5
24. Bxe5 Qxe5 25. Qb4 b5 {Erneker,J-Steinhauser,F Prague 2003 0-1 (40)}) 11...
Qe7 12. Qd2 Rad8 13. Bh6 Rfe8 14. Bxg7 Kxg7 15. f4 Nxe2 16. Nxe2 exf4 17. Nxf4
a5 1-0

[Event "Floripa Chess Open 2024"]
[Site "Florianopolis"]
[Date "2024.01.20"]
[Round "1.212"]
[White "Pavao, Tiago Lara Biasi"]
[Black "De Sousa, Alex Aecio"]
[Result "0-1"]
[WhiteElo "1613"]
[BlackElo "1742"]
[PlyCount "68"]
[EventDate "2024.01.20"]
[EventRounds "10"]
[EventCountry "BRA"]

1. d4 Nf6 2. Nf3 d5 3. e3 g6 4. Be2 Bg7 5. O-O O-O 6. Nbd2 c5 7. b3 cxd4 8.
exd4 Nc6 9. Bb2 Bf5 10. c4 Rc8 11. Ne5 dxc4 $146 ({RR} 11... Nxe5 12. dxe5 Ne4
13. Nxe4 dxe4 14. Qc1 Qc7 15. Qc3 h5 16. Rad1 Rfd8 17. h3 Rxd1 18. Rxd1 Rd8 19.
a3 b6 20. Rxd8+ Qxd8 21. Qd4 Qc7 22. Bd1 Qb7 23. Bc2 e6 24. Kf1 Bf8 25. b4 a5
26. Bc3 {Tallaksen,L (2167)-Kjolberg,J (2010) Norway 2011 1-0 (39)}) 12. bxc4
Nxd4 13. Bg4 Nxg4 14. Nxg4 Ne2+ 15. Qxe2 Bxb2 16. Rad1 Bd3 17. Qf3 Bxf1 18.
Kxf1 Qc7 19. Rb1 Bg7 20. Rxb7 Qc5 21. Rb5 Qd4 22. Rd5 Qa1+ 23. Ke2 Qxa2 24. Ne3
Rcd8 25. Nef1 e6 26. Rxd8 Rxd8 27. h4 Qc2 28. g4 a5 29. h5 a4 30. Qe3 Bd4 31.
Qf3 Bc3 32. Qc6 Bxd2 33. Qf3 Bg5+ 34. Nd2 Qxd2+ 0-1

[Event "Floripa Chess Open 2024"]
[Site "Florianopolis"]
[Date "2024.01.21"]
[Round "2.11"]
[White "Perez Gormaz, Matias"]
[Black "Silva, Adriano Da"]
[Result "1-0"]
[WhiteElo "2388"]
[BlackElo "1926"]
[PlyCount "53"]
[EventDate "2024.01.20"]
[EventRounds "10"]
[EventCountry "BRA"]

1. e4 d6 2. d4 Nf6 3. Nc3 g6 4. Nf3 Bg7 5. Be2 O-O 6. O-O b6 7. e5 Nfd7 ({RR} 
7... Ne8 8. a4 a6 9. Re1 Nc6 10. Bf4 e6 11. exd6 Nxd6 12. d5 Nb4 13. dxe6 Bxe6
14. Rc1 Bxc3 15. bxc3 Na2 16. Ra1 Nxc3 17. Qd4 Nd5 18. Bg5 f6 19. Bf1 Bf7 20.
Bc1 c5 21. Qd2 Re8 22. Bb2 {Gutenev,A (2469)-Gareev,T (2598) Moscow RUS 2019
0-1 (44)}) 8. Re1 ({RR} 8. exd6 cxd6 9. d5 Bb7 10. Nd4 Nf6 11. Bf3 Nbd7 12. Bf4
Rc8 13. Re1 Rc4 14. Qd3 Rb4 15. a3 Nc5 16. Qd1 Rxd4 17. Qxd4 Nxd5 18. Qc4 Nxc3
19. Bxb7 d5 20. Qf1 Nxb7 21. bxc3 Bxc3 22. Qa6 Qd7 {Biriya,M (2139)
-Abdisalimov,A (2438) Istanbul TUR 2023 0-1 (36)}) 8... Nc6 $146 ({RR} 8...
dxe5 9. dxe5 Nc6 10. e6 fxe6 11. Be3 Nf6 12. Bb5 Nb4 13. Bc4 Qxd1 14. Raxd1
Nxc2 15. Re2 Nxe3 16. Rxe3 Bh6 17. Bxe6+ Kh8 18. Ree1 Bb7 19. Ne5 Bf4 20. Bb3
e6 21. h3 a6 22. g3 Bxe5 23. Rxe5 {Geller,E-Bilek,I Lugano 1968 1/2-1/2 (41)})
9. exd6 cxd6 10. d5 Ncb8 11. Bg5 Nf6 12. Qd4 Bb7 13. Qh4 Nbd7 14. Rad1 a6 15.
a4 Rc8 16. Nd4 Re8 17. Nc6 Qc7 18. Nb4 Nc5 19. Bf1 Ra8 20. Re3 Nh5 21. Bxe7 f6
22. Rde1 Kf7 23. Nc6 Bxc6 24. dxc6 Rxe7 25. Rxe7+ Qxe7 26. Rxe7+ Kxe7 27. Nd5+
1-0

[Event "Floripa Chess Open 2024"]
[Site "Florianopolis"]
[Date "2024.01.21"]
[Round "2.12"]
[White "Gazola, Vanessa Ramos"]
[Black "Perez, Maximiliano"]
[Result "0-1"]
[WhiteElo "1921"]
[BlackElo "2383"]
[PlyCount "78"]
[EventDate "2024.01.20"]
[EventRounds "10"]
[EventCountry "BRA"]

1. d4 Nf6 2. c4 e6 3. Nc3 Bb4 4. e3 b6 5. Bd3 Bb7 6. Nge2 Bxg2 7. Rg1 Be4 8. a3
Bxd3 9. Qxd3 Bf8 10. e4 d6 11. Qf3 $146 ({RR} 11. f4 Nbd7 12. Be3 g6 13. O-O-O
Bg7 14. Kb1 O-O 15. f5 exf5 16. exf5 a6 17. Nf4 b5 18. fxg6 hxg6 19. cxb5 axb5
20. Qxb5 Qe7 21. Bc1 Rfb8 22. Qc4 d5 23. Nfxd5 Nxd5 24. Qxd5 c6 25. Qc4 Rxa3 {
Simon,J-Bonin,J (2400) New York 1989 0-1 (49) RR} 26. Rxg6) ({RR} 11. f4 Nbd7
12. Be3 e5 13. O-O-O c6 14. fxe5 dxe5 15. d5 Qc8 16. Kb1 g6 17. Rg2 Bg7 18. Ng3
Bf8 19. Rf1 Bc5 20. Bxc5 Nxc5 21. Qd2 Ng8 22. h4 Qc7 23. dxc6 Qxc6 24. Rgf2 f6
25. h5 Nd7 {Durarbayli,V (2629)-Gunnarsson,A (2428) Porto Carras GRE 2018 1-0 
(31)}) ({RR} 11. f4 Nbd7 12. Be3 e5 13. O-O-O c6 14. Kb1 Qc7 15. fxe5 dxe5 16.
d5 g6 17. dxc6 Qxc6 18. Nd5 Rc8 19. Rgf1 Bg7 20. Rc1 Qe6 21. Nec3 O-O 22. Nb5
Nxd5 23. cxd5 Qh3 24. Rxc8 Rxc8 25. Nxa7 Ra8 {Voiteanu,G (2133)-Piasetski,L  
(2219) Caleta ENG 2020 0-1 (40)}) 11... Nbd7 12. Be3 c5 13. Rd1 cxd4 14. Bxd4
a6 15. e5 dxe5 16. Bxb6 Qc8 17. c5 Rb8 18. Ba5 Qxc5 19. b4 Qc8 20. Rc1 Qb7 21.
Qd3 g6 22. Ng3 Be7 23. h4 Rc8 24. Rd1 Qc6 25. Nge4 Qc4 26. Rg3 O-O 27. Nd6 Bxd6
28. Qxc4 Rxc4 29. Rxd6 Rfc8 30. Ne2 R4c6 31. Rgd3 e4 32. Rd1 Ne5 33. Rxc6 Rxc6
34. Rd8+ Kg7 35. Nd4 Rc4 36. Nb3 Nd5 37. Nc5 Nf4 38. Kd1 Nfd3 39. Nxd3 exd3 0-1

[Event "Floripa Chess Open 2024"]
[Site "Florianopolis"]
[Date "2024.01.21"]
[Round "2.13"]
[White "Perdomo, Leandro"]
[Black "Pedroso, Denian"]
[Result "1-0"]
[WhiteElo "2382"]
[BlackElo "1924"]
[PlyCount "107"]
[EventDate "2024.01.20"]
[EventRounds "10"]
[EventCountry "BRA"]

1. d4 Nf6 2. c4 g6 3. Nc3 d5 4. cxd5 Nxd5 5. e4 Nxc3 6. bxc3 Bg7 7. Nf3 c5 8.
h3 Nc6 9. Be3 Qa5 10. Bd2 Qc7 11. Rc1 O-O 12. Be2 Rd8 $146 ({RR} 12... b6 13.
O-O Bb7 14. d5 Ne5 15. Nxe5 Qxe5 16. Bd3 c4 17. Bb1 f5 18. Re1 fxe4 19. Bxe4
Qd6 20. Bg5 b5 21. Qg4 Rae8 22. Qg3 Be5 23. Qe3 a6 24. g3 Bg7 25. Bg2 Bf6 26.
Bh6 Bg7 27. Bf4 {Stephan,V (2358)-Chalmeta Ugas,R (2232) Paris FRA 2019 0-1  
(74)}) ({RR} 12... e6 13. O-O b6 14. Be3 Bb7 15. Qc2 Na5 16. Nd2 cxd4 17. cxd4
Qxc2 18. Rxc2 Rfd8 19. e5 Rac8 20. Rfc1 Bf8 21. Rxc8 Rxc8 22. Rxc8 Bxc8 23. Bf3
Bg7 24. Be4 Ba6 25. f4 Nc4 26. Bd3 Nxe3 27. Bxa6 {Davis,L (1927)-Goormachtigh,
J (2183) Struga MKD 2023 0-1 (33)}) 13. d5 Ne5 14. O-O Nxf3+ 15. Bxf3 c4 16.
Bg5 b5 17. Qe2 Rb8 18. Qd2 a5 19. Be2 Ba6 20. Bf4 Be5 21. Bxe5 Qxe5 22. Qe3
Rdc8 23. f4 Qd6 24. Rfd1 Qb6 25. Qxb6 Rxb6 26. a3 b4 27. axb4 axb4 28. cxb4 c3
29. Bxa6 Rxa6 30. Rd4 Ra2 31. e5 Rb2 32. d6 exd6 33. exd6 c2 34. Kf2 f5 35. Ke2
Kf7 36. Kd2 Ke6 37. d7 Rd8 38. Kc3 Ra2 39. Rxc2 Ra7 40. Re2+ Kf7 41. Red2 Rc7+
42. Kb3 Ke7 43. b5 h6 44. h4 Ra7 45. Kb4 Rb7 46. Rd6 Rbxd7 47. Rxd7+ Rxd7 48.
Rxd7+ Kxd7 49. Kc5 Kc7 50. b6+ Kb7 51. Kb5 Kc8 52. Kc6 Kb8 53. b7 h5 54. g3 1-0

[Event "Floripa Chess Open 2024"]
[Site "Florianopolis"]
[Date "2024.01.21"]
[Round "2.14"]
[White "Da Rosa, Henrique Jaze Simoe"]
[Black "Molina, Roberto Junio Brito"]
[Result "0-1"]
[WhiteElo "1917"]
[BlackElo "2381"]
[PlyCount "82"]
[EventDate "2024.01.20"]
[EventRounds "10"]
[EventCountry "BRA"]

1. Nf3 d5 2. c4 d4 3. b4 f6 4. e3 e5 5. c5 a5 6. Qa4+ Bd7 7. b5 Bxc5 8. Bc4 Ne7
({RR} 8... Qe7 9. O-O dxe3 10. fxe3 Nh6 11. Nc3 Be6 12. Nd5 Bxd5 13. Bxd5 Ra7
14. d4 Bb6 15. Ba3 Qd7 16. Qc4 e4 17. Nd2 c6 18. Be6 Qc7 19. Nxe4 Nd7 20. Nd6+
Kd8 21. bxc6 Qxc6 22. Qd3 Re8 23. Rac1 {Mekhitarian,K (2554)-Zierk,S (2475)
chess.com INT 2024 1-0}) 9. exd4 exd4 10. Ba3 Na6 ({RR} 10... Bxa3 11. Nxa3 Bg4
12. Nxd4 Nd7 13. Nac2 Nb6 14. Qb3 Qd6 15. O-O a4 16. Qc3 O-O-O 17. h3 Bd7 18.
Rfe1 Ned5 19. Bxd5 Nxd5 20. Qa5 Nb6 21. Re3 Rhe8 22. Rb1 Re5 23. Ra3 Rde8 24.
Re3 Kb8 25. Rd3 {Caruana,F (2823)-Topalov,V (2760) Saint Louis 2016 1/2-1/2  
(38)}) 11. Bxc5 $146 ({RR} 11. O-O Nb4 12. Bb2 c6 13. Bxd4 Qb6 14. Bxc5 Qxc5
15. Na3 Nbd5 16. Rfc1 Qb4 17. Qb3 Qxb3 18. axb3 cxb5 19. Nxb5 Bxb5 20. Bxb5+
Kf7 21. Nd4 b6 22. g3 Rac8 23. Bc4 Rhd8 24. Re1 Rxc4 25. bxc4 Nb4 {Marin,M  
(2539)-Vrencian,L (2296) Calimanesti Caciulata 2017 1/2-1/2 (33)}) 11... Nxc5
12. Qa3 b6 13. Nxd4 Bg4 14. Qe3 Qd6 15. f3 O-O-O 16. Ne2 Be6 17. Bxe6+ Nxe6 18.
O-O Nd5 19. Qf2 Nb4 20. Nbc3 Nd3 21. Qg3 Qxg3 22. Nxg3 Nd4 23. Rad1 Rhe8 24.
Nge4 f5 25. Nf2 Ne2+ 26. Nxe2 Rxe2 27. Nxd3 Rxd3 28. Rf2 Rxf2 29. Kxf2 Rd5 30.
d4 Rxb5 31. Rd2 Rd5 32. Ke3 c5 33. dxc5 Rxd2 34. Kxd2 bxc5 35. Kc3 Kc7 36. Kc4
Kd6 37. a4 Kc6 38. f4 Kd6 39. Kb5 Kd5 40. Kxa5 c4 41. Kb4 Kd4 0-1

[Event "Floripa Chess Open 2024"]
[Site "Florianopolis"]
[Date "2024.01.21"]
[Round "2.15"]
[White "Vazquez, Facundo"]
[Black "Rekik, Ismail"]
[Result "1-0"]
[WhiteElo "2381"]
[BlackElo "1919"]
[PlyCount "93"]
[EventDate "2024.01.20"]
[EventRounds "10"]
[EventCountry "BRA"]

1. d4 Nf6 2. c4 e6 3. Nf3 b6 4. g3 Bb7 5. Bg2 Be7 6. O-O O-O 7. Nc3 Ne4 8. Bd2
d6 9. Be1 ({RR} 9. Rc1 Nxd2 10. Qxd2 c5 11. Rfd1 cxd4 12. Nxd4 Bxg2 13. Kxg2 a6
14. e4 Ra7 15. Qe2 Qc8 16. b3 Rc7 17. a4 {1/2-1/2 (17) Polugaevsky,L (2620)
-Karpov,A (2690) Moscow (Russia) 1981}) 9... Nd7 10. Qc2 f5 ({RR} 10... Nxc3
11. Bxc3 f5 12. Rad1 Qe8 13. Ne1 Bxg2 14. Nxg2 d5 15. Bd2 Rc8 16. Nf4 Qf7 17.
Qa4 Bd6 18. a3 a5 19. Rc1 dxc4 20. Qxc4 Rfe8 21. Nd3 Qh5 22. Bf4 Bf8 23. f3 Nf6
24. Be5 Qf7 25. Qc6 {Pourquet,M (2183)-Ollier,P (2353) L'Alpe d'Huez FRA 2023
1/2-1/2 (59)}) 11. d5 $146 ({RR} 11. Rd1 h6 12. d5 Nxc3 13. Bxc3 e5 14. Bh3 g6
15. g4 Bc8 16. gxf5 g5 17. f6 Rxf6 18. Be6+ Kg7 19. h4 g4 20. Nd2 Nf8 21. Ne4
Rf4 22. Ng3 Qe8 23. Nf5+ Kh8 24. Bd2 Nxe6 25. dxe6 Bxe6 {Anuj,S (2246)
-Gaisinsky,A (1965) Montevideo 2017 1-0}) 11... Nxc3 12. Bxc3 e5 13. Nd2 Qe8
14. f4 Bf6 15. e3 exf4 16. exf4 Qe3+ 17. Kh1 Bxc3 18. bxc3 Rae8 19. Rf3 Qe2 20.
Bf1 Qe7 21. Nb3 c5 22. Bd3 g6 23. a4 Nf6 24. Nd2 Kh8 25. h3 h5 26. Rg1 Bc8 27.
Rf2 Qg7 28. Nf3 Re3 29. Qd2 Re7 30. Ng5 Rfe8 31. Rgg2 Nh7 32. Nf3 Bd7 33. Bc2
Nf6 34. Ng5 Ne4 35. Bxe4 fxe4 36. Qe3 Bxa4 37. Ne6 Rxe6 38. dxe6 Rxe6 39. f5
gxf5 40. Rxf5 Re5 41. Rgf2 Kg8 42. Rxe5 dxe5 43. Qxe4 Qd7 44. Qg6+ Qg7 45. Qe6+
Kh8 46. Rf7 Bc6+ 47. Kh2 1-0

[Event "Floripa Chess Open 2024"]
[Site "Florianopolis"]
[Date "2024.01.21"]
[Round "2.16"]
[White "Peixoto, Rudson Marinho"]
[Black "Roselli Mailhe, Bernardo"]
[Result "0-1"]
[WhiteElo "1895"]
[BlackElo "2364"]
[PlyCount "115"]
[EventDate "2024.01.20"]
[EventRounds "10"]
[EventCountry "BRA"]

1. d4 Nf6 2. c4 e6 3. Nf3 Bb4+ 4. Bd2 a5 5. a3 Bxd2+ 6. Nbxd2 d6 7. e3 O-O ({RR
} 7... Qe7 8. Bd3 e5 9. Qc2 Nbd7 10. O-O O-O 11. b3 Re8 12. e4 Nf8 13. Rfe1 Bg4
14. d5 N8d7 15. h3 Bxf3 16. Nxf3 g6 17. b4 Ra7 18. Nd2 Rea8 19. Nb3 b6 20. Qc3
axb4 21. axb4 h5 22. Rxa7 {Megaranto,S (2529)-Carlsen,M (2864) Chennai IND
2022 0-1 (47)}) 8. Be2 ({RR} 8. Bd3 Nc6 9. O-O e5 10. d5 Ne7 11. Ne4 Ne8 12.
Qc2 f5 13. Neg5 e4 14. Bxe4 fxe4 15. Qxe4 Nf6 16. Qc2 h6 17. Ne4 Nxe4 18. Qxe4
Bf5 19. Qd4 Qe8 20. b4 Qg6 21. Nh4 Qg5 22. Nxf5 Nxf5 {Pervunin,A (1247)
-Tsydypov,Z (2548) Khanty-Mansiysk RUS 2023 0-1 (37)}) 8... Nbd7 9. Qc2 $146 ({
RR} 9. O-O Re8 10. Qc2 c5 11. Rfd1 Qc7 12. Rac1 Nf8 13. Ne4 Nxe4 14. Qxe4 Bd7
15. dxc5 dxc5 16. Ne5 Ba4 17. Rd3 Red8 18. Rcc3 f6 19. Nf3 Rxd3 20. Qxd3 Rd8
21. Qb1 b6 22. Rd3 Rxd3 23. Qxd3 Qd7 {Bogucanin,M (1923)-Cichy,M (2053)
Heusenstamm 2016 1/2-1/2}) 9... e5 10. O-O Re8 11. b4 Nf8 12. dxe5 dxe5 13.
Rfd1 Qe7 14. c5 e4 15. Nd4 axb4 16. axb4 Rxa1 17. Rxa1 Qe5 18. Nc4 Qg5 19. Kh1
Qh4 20. Rf1 Ng4 21. Bxg4 Bxg4 22. f3 exf3 23. gxf3 Bh3 24. Rg1 Ne6 25. Nxe6
Rxe6 26. Qc3 Rg6 27. Rxg6 hxg6 28. Kg1 Qg5+ 29. Kf2 Qg2+ 30. Ke1 Qxf3 31. Qd4
Qh1+ 32. Kd2 Qxh2+ 33. Kc3 Be6 34. Ne5 Qg3 35. Nd3 g5 36. b5 f6 37. Qe4 Qg4 38.
Qxb7 Qc4+ 39. Kd2 Bf5 40. e4 Bxe4 41. Qc8+ Kh7 42. Qh3+ Kg8 43. Qc8+ Kf7 44.
Qxc7+ Kg6 45. Qd7 Bf5 46. Qd6 Qxb5 47. c6 Qb6 48. Kc3 g4 49. Ne5+ Kh5 50. Nc4
Qa6 51. Qc5 Qa1+ 52. Kb4 Qb1+ 53. Ka5 g5 54. c7 g3 55. c8=Q Bxc8 56. Qxc8 Qd3
57. Qh3+ Kg6 58. Qe6 0-1

[Event "Floripa Chess Open 2024"]
[Site "Florianopolis"]
[Date "2024.01.21"]
[Round "2.17"]
[White "Hoffman, Alejandro"]
[Black "Muzzi, Eduardo"]
[Result "1-0"]
[WhiteElo "2358"]
[BlackElo "1913"]
[PlyCount "75"]
[EventDate "2024.01.20"]
[EventRounds "10"]
[EventCountry "BRA"]

1. d4 e6 2. Nf3 f5 3. g3 Nf6 4. Bg2 d5 5. O-O Bd6 6. b3 O-O 7. c4 c6 8. Ba3
Bxa3 9. Nxa3 Nbd7 10. Qc1 Qe7 11. Qb2 Ne4 12. Rad1 ({RR} 12. e3 g5 13. Rac1 g4
14. Ne1 Rf6 15. Nd3 Rh6 16. Nb1 Qe8 17. Nf4 Nf8 18. Nd2 Ng6 19. f3 gxf3 20.
Nxf3 Bd7 21. Qa3 Qf7 22. Rc2 Qg7 23. Qb4 b6 24. Nxg6 hxg6 25. Ne5 c5 26. Qe1
Be8 {Olafsson,H (2510)-Knaak,R (2525) Yerevan 1988 1-0 (33)}) ({RR} 12. Nc2
Ndf6 13. Nce1 Bd7 14. Nd3 Be8 15. Nfe5 Nd7 16. Nxd7 Bxd7 17. Ne5 Be8 18. b4 Bh5
19. a4 f4 20. b5 Rac8 21. a5 fxg3 22. hxg3 Nd6 23. e3 Nf7 24. Nxf7 Rxf7 25. a6
Be2 26. Qxe2 {1-0 (26) Kourousis,E (2391)-Olsar,R (2095) chess.com INT 2021}) (
{RR} 12. Ne1 f4 13. gxf4 Rxf4 14. f3 Ng5 15. e3 Rh4 16. Nd3 e5 17. dxe5 Nxe5
18. Rad1 Nxd3 19. Rxd3 Bf5 20. Rd2 Be6 21. cxd5 cxd5 22. Nb5 Rf8 23. Qa3 Qf7
24. Qd6 Qg6 25. Nd4 Bf7 26. Qxg6 Bxg6 {Hoffman,A (2390)-Aguirre Izaguirre,P
Mar del Plata 1988 1-0 (31)}) 12... a6 $146 ({RR} 12... Rb8 13. Ne5 Nxe5 14.
dxe5 b5 15. cxb5 cxb5 16. b4 a5 17. Nc2 Qa7 18. Nd4 Qc7 19. Bxe4 fxe4 20. Nb3
axb4 21. Rc1 Qa7 22. Nd4 Qa3 23. Qd2 Bd7 24. Rc7 Rf7 25. Rfc1 Qa4 26. Nb3 Qa3
27. Nc5 {Socko,M (2265)-Frometa Castillo,Z (2180) Moscow 1994 1-0 (33)}) 13.
Nc2 b5 14. Nfe1 bxc4 15. bxc4 Rb8 16. Qa1 a5 17. c5 Ba6 18. Nd3 e5 19. f3 Bxd3
20. exd3 Nef6 21. Rfe1 Rfe8 22. f4 e4 23. dxe4 Nxe4 24. Bxe4 fxe4 25. Qc3 Qd8
26. Rb1 Qc7 27. Ne3 g6 28. f5 Kg7 29. Qd2 Nf6 30. Rf1 Rxb1 31. Rxb1 Rb8 32.
Rxb8 Qxb8 33. fxg6 Qb1+ 34. Nf1 hxg6 35. Qxa5 e3 36. Qc7+ Kf8 37. Qf4 Kg7 38.
Qxe3 1-0

[Event "Floripa Chess Open 2024"]
[Site "Florianopolis"]
[Date "2024.01.21"]
[Round "2.18"]
[White "Ticona Rocabado, Licael Roderick"]
[Black "Boeck, Moacir Luis"]
[Result "1-0"]
[WhiteElo "2350"]
[BlackElo "1900"]
[PlyCount "119"]
[EventDate "2024.01.20"]
[EventRounds "10"]
[EventCountry "BRA"]

1. d4 d5 2. c4 c6 3. e3 Nf6 4. Nf3 e6 5. Nbd2 Be7 6. Bd3 Nbd7 7. O-O O-O 8. b3
b6 9. e4 dxe4 10. Nxe4 Bb7 11. Qe2 c5 12. Bb2 Nxe4 13. Bxe4 Bxe4 14. Qxe4 Bf6
15. Rad1 Qc7 16. Rd2 ({RR} 16. Qe2 Rad8 17. g3 a6 18. h4 cxd4 19. Nxd4 Nc5 20.
Qc2 Rd7 21. Ne2 Bxb2 22. Rxd7 Qxd7 23. Qxb2 Rd8 24. Nf4 Nd3 25. Nxd3 Qxd3 26.
Qa3 a5 27. c5 Qe2 28. cxb6 Rd1 29. Rxd1 Qxd1+ 30. Kg2 Qd5+ {Quiroga,F (2247)
-Martinez,V (1883) Buenos Aires ARG 2023 1-0 (38)}) 16... cxd4 $146 ({RR} 16...
Rad8 17. Rfd1 Rfe8 18. Ne5 Nxe5 19. dxe5 Rxd2 20. Rxd2 Be7 21. f4 g6 22. Rd3
Rd8 23. h3 Rxd3 24. Qxd3 Qd8 25. Qxd8+ Bxd8 26. Kf2 h5 27. g4 hxg4 28. hxg4 Kf8
29. Kf3 Ke8 30. Ke4 Kd7 31. f5 {Engel,K (1920)-Pissarev,B (1966) Germany 2010
1/2-1/2 (37)}) 17. Nxd4 Nc5 18. Qg4 Rad8 19. Rfd1 Bxd4 20. Bxd4 f5 21. Qe2 Ne4
22. Rd3 Qc8 23. f3 Rxd4 24. Rxd4 Nc3 25. Qe5 Nxd1 26. Rxd1 Kf7 27. Qd4 Re8 28.
f4 Qc6 29. Kf2 Re7 30. Rd3 Qc7 31. Qe5 Qxe5 32. fxe5 g5 33. Ke3 Rc7 34. Rd8 h6
35. Kd4 Ke7 36. Rh8 Rd7+ 37. Ke3 f4+ 38. Ke2 Rd4 39. Rh7+ Ke8 40. Rxa7 Re4+ 41.
Kf2 Rxe5 42. Rb7 Re3 43. Rxb6 Kd7 44. a4 Rc3 45. a5 g4 46. a6 Rc2+ 47. Kf1 Rc1+
48. Ke2 Rc2+ 49. Kd3 Rxg2 50. Rb7+ Kc6 51. b4 Ra2 52. b5+ Kd6 53. Rf7 f3 54.
Kd4 e5+ 55. Ke4 Ke6 56. Rf8 Ke7 57. Rf5 Re2+ 58. Kd5 Rxh2 59. a7 Ra2 60. b6 1-0

[Event "Floripa Chess Open 2024"]
[Site "Florianopolis"]
[Date "2024.01.21"]
[Round "2.19"]
[White "Umetsubo, Cesar Hidemitsu"]
[Black "Ferreira, Gabriel Duque"]
[Result "1-0"]
[WhiteElo "2349"]
[BlackElo "1891"]
[PlyCount "51"]
[EventDate "2024.01.20"]
[EventRounds "10"]
[EventCountry "BRA"]

1. d4 Nf6 2. c4 g6 3. Nc3 Bg7 4. e4 O-O 5. Nf3 c5 6. d5 d6 7. Be2 e6 8. O-O
exd5 9. cxd5 Bg4 10. Bf4 Bxf3 11. Bxf3 Qe7 ({RR} 11... Ne8 12. Qb3 Qc7 13. Be2
a6 14. Bg5 Bf6 15. Be3 Nd7 16. f4 Bd4 17. Nd1 Bxe3+ 18. Qxe3 Nef6 19. Nf2 Rfe8
20. Qf3 c4 21. Rac1 Qb6 22. Rxc4 Qxb2 23. Bd3 Rac8 24. Kh1 Rxc4 25. Bxc4 Qd4
26. Bd3 {Bacrot,E (2705)-Cyborowski,L (2543) Germany 2011 1/2-1/2 (60)}) ({RR} 
11... a6 12. e5 dxe5 13. Bxe5 Nbd7 14. Bg3 b5 15. d6 Ra7 16. Rc1 Re8 17. b3 Ne5
18. Re1 Nfd7 19. Nd5 Kh8 20. Ne7 c4 21. bxc4 bxc4 22. Bd5 Qb6 23. Bxc4 h5 24.
Bb3 Raa8 25. Nd5 Qxd6 26. Nc7 {Beliavsky,A (2486)-Szpar,M (2477) Morshyn UKR
2023 0-1 (45)}) 12. Re1 Nbd7 13. h3 Ne5 $146 ({RR} 13... Ne8 14. Qb3 Rb8 15. a4
Nc7 16. Nb5 Nxb5 17. axb5 a6 18. Be2 Bd4 19. Qg3 Nf6 20. Bf3 Rfd8 21. e5 dxe5
22. Rxe5 Qf8 23. Re2 Ra8 24. bxa6 Rxa6 25. Rxa6 bxa6 26. Bc7 Re8 27. d6 Rxe2
28. Bxe2 {Popov,V (2579)-Nevostrujev,V (2502) Samara 2002 0-1 (44)}) 14. Be2 a6
15. a4 Nfd7 16. Qd2 Rfe8 17. Bg5 Nf6 18. f4 Ned7 19. Bf3 Qd8 20. Re2 Qa5 21.
Rae1 h6 22. Bh4 Nh7 23. e5 dxe5 24. d6 Rab8 25. Bd5 Qb4 26. Re4 1-0